000 00626nam a2200253Ia 4500
003 OSt
005 20221006145413.0
006 a|||||r|||| 00| 0
007 ta
008 221006b |||||||| |||| 00| 0 eng d
020 _a0903729385
_cP7.50
024 _a14,729
037 _cTextual
040 _aEASL
_cEASL
_beng
041 _2eng
_aeng
082 _aO41,3, L8
100 _aDUDBRIDGE Glen
245 0 _aLegend of Miao-shan
260 _aLondon
_bIthaca Press
_c1978
300 _a170p.
_ccm.
490 _v CEL
942 _hO41,3, L8
_cTEXL
_2CC
999 _c1082815
_d1082815